Concepts of jurisprudence / (Record no. 7966)

MARC details
000 -LEADER
fixed length control field 00601cam a22002052 4500
001 - CONTROL NUMBER
control field 0000009548
005 - DATE AND TIME OF LATEST TRANSACTION
control field 20151217152057.0
008 - FIXED-LENGTH DATA ELEMENTS--GENERAL INFORMATION
fixed length control field 081109s xx 000 0 eng d
020 ## - INTERNATIONAL STANDARD BOOK NUMBER
International Standard Book Number 9966846048 :
Terms of availability KES 600
040 ## - CATALOGING SOURCE
Original cataloging agency KABU
Transcribing agency KABU
100 1# - MAIN ENTRY--PERSONAL NAME
Personal name Bhalla, R. S.
-- 0000153416
245 10 - TITLE STATEMENT
Title Concepts of jurisprudence /
Statement of responsibility, etc. R. S. Bhalla.
260 ## - PUBLICATION, DISTRIBUTION, ETC. (IMPRINT)
Place of publication, distribution, etc. Nairobi :
Name of publisher, distributor, etc. Nairobi University Press,
Date of publication, distribution, etc. 1990.
300 ## - PHYSICAL DESCRIPTION
Extent x, 188 p.
650 #0 - SUBJECT ADDED ENTRY--TOPICAL TERM
Topical term or geographic name as entry element Jurisprudence.
-- 0000153282
908 ## - PUT COMMAND PARAMETER (RLIN)
Put command parameter 081109
950 ## - LOCAL HOLDINGS (RLIN)
-- 1
Holdings
Withdrawn status Lost status Source of classification or shelving scheme Not for loan Home library Current library Date acquired Total Checkouts Full call number Barcode Date last seen Price effective from Koha item type
    Library of Congress Classification   Kabarak, Main Campus Kabarak, Main Campus 17/12/2015   K230 .B43 c. 1 15393 17/12/2015 17/12/2015 General Collection
    Library of Congress Classification   Kabarak, Main Campus Kabarak, Main Campus 17/12/2015   K230 .B43 c. 1 15407 17/12/2015 17/12/2015 General Collection
Designed with assistance from East African Informatics Ltd